| 000 | 00000nam##2200000za#4500 |
| 001 | 9.599500 |
| 003 | CaOODSP |
| 005 | 20240501092930 |
| 007 | cr ||||||||||| |
| 008 | 150406|1993||||xxc|||||o f|0| 0 fre|d |
| 040 | |aCaOODSP|bfre |
| 043 | |an-cn--- |
| 086 | 1 |aPS83-3/32F-PDF |
| 110 | 2 |aService correctionnel Canada. |
| 245 | 10|aCoup d'oeil sur des ateliers industriels novateurs en milieu correctionnel : |h[ressource électronique]|bÉtude de cas des opérations de CORCAN à l'établissement Warkworth / |cpréparé par Maury Getkate |
| 260 | |bService correctionnel Canada |cOctobre 1993. |
| 300 | |a19p. |
| 490 | 1 |aRapport de recherche|vR-32 |
| 590 | |a10-09-Supp|b2010-11-02 |
| 720 | 1 |aGetkate, Maury |
| 775 | 08|tInsights into innovative correctional industry : |w(CaOODSP)9.568210 |
| 830 | #0|aRapport de recherche (Service correctionnel Canada. Direction de la recherche)|vR-32|w(CaOODSP)9.502465 |
| 856 | 40|ahttp://publications.gc.ca|qPDF|s65 Ko|uhttps://publications.gc.ca/collections/collection_2010/scc-csc/PS83-3-32-fra.pdf|yR-32 |